Документы и материалы XX съезда Всесоюзного Ленинского Коммунистического союза молодёжи: 15-18 апреля, 1987 год, Москва

Bibliographische Detailangaben
Weitere Verfasser: Ткач В. И.
Zusammenfassung:Исключено из фонда НТБ ТПУ
Sprache:Russisch
Veröffentlicht: Москва, Молодая гвардия, 1988
Format: MixedMaterials Buch
KOHA link:https://koha.lib.tpu.ru/cgi-bin/koha/opac-detail.pl?biblionumber=257818

MARC

LEADER 00000nam0a2200000 4500
001 257818
005 20231031220036.0
010 |a 523500213X 
035 |a (RuTPU)RU\TPU\book\280636 
090 |a 257818 
100 |a 20140421d1988 m y0rusy50 ca 
101 0 |a rus 
102 |a RU 
105 |a y z 000zy 
200 1 |a Документы и материалы XX съезда Всесоюзного Ленинского Коммунистического союза молодёжи  |e 15-18 апреля, 1987 год, Москва  |f отв. за вып. В. И. Ткач 
210 |a Москва  |c Молодая гвардия  |d 1988 
215 |a 192 с. 
333 |a Исключено из фонда НТБ ТПУ 
702 1 |a Ткач  |b В. И.  |4 540 
801 1 |a RU  |b 63413507  |c 20140421 
801 2 |a RU  |b 63413507  |c 20220309  |g RCR 
942 |c BK